Las empresas trasnacionales agroalimentarias /
El autor hace un recuento de cómo se crea la empresa Cargill y muestra la manera en que se posicionó en el negocio de los granos en Estados Unidos y en el mundo. Describe los elementos significativos que conformaron su visión estratégica de los negocios y señala la óptimo utilización de su situación...
Gespeichert in:
| 1. Verfasser: | |
|---|---|
| Format: | Text |
| Schlagworte: | |
| Tags: |
Tag hinzufügen
Keine Tags, Fügen Sie den ersten Tag hinzu!
|
MARC
| LEADER | 00000 a a2200000 04500 | ||
|---|---|---|---|
| 001 | 44328 | ||
| 003 | |||
| 040 | |||
| 100 | |a Aguilar Gómez, Javier de J. | ||
| 245 | |a Las empresas trasnacionales agroalimentarias / |c Javier de J. Aguilar Gómez | ||
| 520 | |a El autor hace un recuento de cómo se crea la empresa Cargill y muestra la manera en que se posicionó en el negocio de los granos en Estados Unidos y en el mundo. Describe los elementos significativos que conformaron su visión estratégica de los negocios y señala la óptimo utilización de su situación geográfica y el aprovechamiento de todos los factores para su expansión. | ||
| 590 | |a RRH/FEBRERO2013 | ||
| 650 | |a 1.ORGANIZACION DE LA EMPRESA | ||
| 650 | |a 2.TRANSNACIONALES | ||
| 650 | |a 3.MERCADO | ||
| 650 | |a 4.ECONOMIA | ||
| 650 | |a 5.PRODUCCION AGROPECUARIA | ||
| 773 | |g número371 ( , 2011), páginas 70-83: tablas, gráficos | ||
| 999 | |c 34518 |d 34518 | ||
